|
|
|
|
| LEADER |
00000ny a22000003n 4500 |
| 005 |
20110525102432.0 |
| 008 |
030331s2003 sp s 000 0 spa c |
| 017 |
|
|
|a D.L. SE.13-2003
|
| 020 |
|
|
|a 8476986785
|
| 035 |
|
|
|a 1133
|
| 040 |
|
|
|a SpMaUCDE
|d vLex
|
| 040 |
|
|
|a UMA.RE
|d vLex
|
| 080 |
|
|
|a 347.664.2(460)
|
| 080 |
|
|
|a 347.664.2(460)(0.034)
|
| 090 |
|
|
|c 250
|d 250
|
| 100 |
1 |
|
|a Cano Martn̕ez de Velasco, Jos ̌Ignacio
|
| 245 |
1 |
3 |
|a La mejora
|h [Recurso electrn̤ico]
|c Jos ̌Ignacio Cano Martn̕ez de Velasco
|
| 256 |
|
|
|a Servicio en ln̕ea
|
| 260 |
|
|
|a Barcelona :
|b Bosch,
|c D.L. 2003
|
| 300 |
|
|
|a 132 p. ;
|c 21 cm
|
| 504 |
|
|
|a Bibliogr.: p. 125-129
|
| 506 |
1 |
|
|a Contenido solo disponible en los productos indicados
|d vLex Global
|d vLex Global (Academic Edition, excluding Law Schools)
|d vLex Global (U.S. Academic Edition, Law Schools)
|d vLex Global (U.S. Academic Edition, excluding Law Schools)
|d vLex Global (Academic Edition, Law Schools)
|
| 650 |
0 |
7 |
|a Testamento
|2 Tesauro vLex
|
| 650 |
0 |
7 |
|a Sucesorio
|2 Tesauro vLex
|
| 650 |
0 |
7 |
|a Mejora hereditaria
|2 Tesauro vLex
|
| 740 |
0 |
|
|a vLex Libros (Servicios en ln̕ea)
|
| 856 |
4 |
0 |
|u http://vlex.com/source/1133
|z Acceso restringido
|
| 942 |
|
|
|c BOOK
|
| 999 |
0 |
|
|a Wills
|b Barcelona
|